00311nam a2200121 a 4500008004100000050001500041100001900056245003800075250001200113260003800125300001700163350000900180120416s1979 ||||||||||||||||| || u aN 7832 Bec aBeckwith, John10aEarly Christian and Byzantine art a2nd ed. aHarmondsworth Eng.bPenguinc1979 a405p. : ill. a0.00